مختصر في علم أصول الحديث النبوي / (رقم التسجيلة. 80176)

تفاصيل مارك
000 -LEADER
fixed length control field 00663nam a22001937a 4500
005 - DATE AND TIME OF LATEST TRANSACTION
control field 20251108172453.0
008 - FIXED-LENGTH DATA ELEMENTS--GENERAL INFORMATION
fixed length control field 250721s9999 xx 000 0 ara d
082 14 - DEWEY DECIMAL CLASSIFICATION NUMBER
Classification number 213.2/نفي
100 1# - MAIN ENTRY--PERSONAL NAME
Personal name ابن النفيس، علاءالدين علي بن أبي الحزم القرشي الشافعي
245 10 - TITLE STATEMENT
Title مختصر في علم أصول الحديث النبوي /
264 1# - PRODUCTION, PUBLICATION, DISTRIBUTION, MANUFACTURE, AND COPYRIGHT NOTICE
Place of production, publication, distribution, manufacture القاهرة :
Name of producer, publisher, distributor, manufacturer الدار المصرية اللبنانية،
300 ## - PHYSICAL DESCRIPTION
Extent 197ص
650 17 - SUBJECT ADDED ENTRY--TOPICAL TERM
Topical term or geographic name as entry element الحديث
650 17 - SUBJECT ADDED ENTRY--TOPICAL TERM
Topical term or geographic name as entry element علوم الحديث
650 17 - SUBJECT ADDED ENTRY--TOPICAL TERM
Topical term or geographic name as entry element جوامع الحديث
700 1# - ADDED ENTRY--PERSONAL NAME
Personal name زيدان، يوسف
Relator term محقق
942 ## - ADDED ENTRY ELEMENTS (KOHA)
Source of classification or shelving scheme Dewey Decimal Classification
Koha item type كتب
المقتنيات
حالة السحب حالة الفقدان مصدر التصنيف حالة التلف غير قابل للإعارة المكتبة الرئيسية المكتبة الحالية موقع الرف تاريخ التزويد الرقم المتسلسل Total Checkouts رقم الإستدعاء الباركود تاريخ آخر ظهور تاريخ الفاتورة نوع المادة (كوها)
    Dewey Decimal Classification     مكتبة صويلح العامة مكتبة صويلح العامة الإعارة 02/09/2015 [6452   213.2/نفي PLD00344273 28/07/2025 02/09/2015 كتب
Implemented & Customized by: BBB with SCIT (Smart Chains for Information Technology)

Powered by Koha